[Event "Sarkany-Aranytiz GM"]
[Site "Budapest"]
[Date "2013.08.22"]
[Round "6"]
[White "Hagen, Andreas Skytte"]
[Black "Hera, Imre Jr"]
[Result "0-1"]
[WhiteElo "2415"]
[BlackElo "2558"]
[PlyCount "152"]
[EventDate "2013.08.17"]
[EventType "tourn"]
[EventRounds "9"]
[EventCountry "HUN"]
[EventCategory "9"]

1. e4 c5 2. Nf3 e6 3. d4 cxd4 4. Nxd4 Nc6 5. Nc3 Qc7 6. Be3 a6 7. Qd2 Nf6 8.
O-O-O Bb4 9. f3 O-O 10. g4 Ne5 11. Kb1 d5 12. exd5 Bxc3 13. Qxc3 Qxc3 14. bxc3
Nxd5 15. Bd2 Bd7 16. Re1 Ng6 17. Bc4 Nge7 18. Bb3 b5 19. c4 bxc4 20. Bxc4 Rfc8
21. Bd3 Nb6 22. Ka1 Nc4 23. Bc1 Rab8 24. Re4 Nd5 25. Nb3 Nd6 26. Rd4 Bb5 27.
Ba3 Nc4 28. Bxc4 Rxc4 29. Rxc4 Bxc4 30. Re1 Bb5 31. Nc5 h6 32. Ne4 Ba4 33. c4
Nb4 34. Bxb4 Rxb4 35. Rc1 Bc6 36. Rc3 a5 37. Nd2 a4 38. Rd3 Kf8 39. Rd6 Be8 40.
a3 Rb7 41. Rd3 Ke7 42. Ne4 Bc6 43. Nd6 Rb8 44. f4 g5 45. f5 e5 46. c5 Bg2 47.
Re3 f6 48. Rg3 Bf1 49. Rc3 Be2 50. Rh3 Rh8 51. Rg3 h5 52. gxh5 Rxh5 53. Rg2 Bf3
54. Rc2 g4 55. Kb2 Rh3 56. Rd2 Bc6 57. Nc8+ Kf7 58. Na7 Rb3+ 59. Ka2 Be4 60.
Rd7+ Ke8 61. Rd6 Bb1+ 62. Ka1 Bxf5 63. Rxf6 Rxa3+ 64. Kb2 Rf3 65. Ra6 Rf2+ 66.
Ka3 Rxh2 67. Nb5 Ke7 68. Nd6 Be6 69. Ra7+ Kf6 70. Ne8+ Kg5 71. Re7 g3 72. Rxe6
g2 73. Re7 Rh6 74. Rxe5+ Kf4 75. Re1 Rh1 76. c6 Rxe1 0-1

[Event "Sarkany-Aranytiz GM"]
[Site "Budapest"]
[Date "2013.08.22"]
[Round "6"]
[White "Vertetics, Attila"]
[Black "Ludwig, Daniel"]
[Result "1/2-1/2"]
[WhiteElo "2404"]
[BlackElo "2479"]
[PlyCount "34"]
[EventDate "2013.08.17"]
[EventType "tourn"]
[EventRounds "9"]
[EventCountry "HUN"]
[EventCategory "9"]

1. d4 Nf6 2. c4 e6 3. Nc3 Bb4 4. Qc2 O-O 5. a3 Bxc3+ 6. Qxc3 b6 7. Bg5 Bb7 8.
Nf3 d6 9. g3 Nbd7 10. Bg2 h6 11. Bxf6 Nxf6 12. b4 Re8 13. O-O Qe7 14. Rac1 e5
15. dxe5 dxe5 16. Nh4 Bxg2 17. Nxg2 Rad8 1/2-1/2

[Event "Sarkany-Aranytiz GM"]
[Site "Budapest"]
[Date "2013.08.22"]
[Round "6"]
[White "Arngrimsson, Dagur"]
[Black "Medvegy, Zoltan"]
[Result "1-0"]
[WhiteElo "2385"]
[BlackElo "2560"]
[PlyCount "101"]
[EventDate "2013.08.17"]
[EventType "tourn"]
[EventRounds "9"]
[EventCountry "HUN"]
[EventCategory "9"]

1. d4 Nf6 2. c4 e6 3. g3 c5 4. d5 exd5 5. cxd5 d6 6. Nc3 g6 7. Bg2 Bg7 8. Nf3
O-O 9. O-O Re8 10. Bf4 Na6 11. Re1 Ne4 12. Nxe4 Rxe4 13. Nd2 Rb4 14. e4 Rxb2
15. Nc4 Rb4 16. Nxd6 g5 17. Nxf7 Kxf7 18. Qh5+ Kg8 19. Bxg5 Qf8 20. Rad1 Rd4
21. Rxd4 Bxd4 22. Bf4 Nb4 23. Qe2 c4 24. Qxc4 Qc5 25. Qxc5 Bxc5 26. Re2 b6 27.
Rd2 Bb7 28. Bh3 a5 29. e5 Bxd5 30. a3 Bc4 31. axb4 axb4 32. Bf5 Rf8 33. Bd3 b5
34. Be4 Be6 35. Rc2 Rc8 36. Be3 Bxe3 37. Rxc8+ Bxc8 38. fxe3 Be6 39. Kf2 b3 40.
Ke1 b2 41. Bb1 Kf7 42. Kd2 h6 43. Kc3 Bc4 44. Bf5 Ke7 45. Kxb2 b4 46. Bc2 Be6
47. Bb3 Bd7 48. Bd5 Ba4 49. Kc1 Kd7 50. Kd2 Bb5 51. Kc2 1-0

[Event "Sarkany-Aranytiz GM"]
[Site "Budapest"]
[Date "2013.08.22"]
[Round "6"]
[White "Mihok, Oliver"]
[Black "Jovanovic, D Dusan"]
[Result "1-0"]
[WhiteElo "2451"]
[BlackElo "2402"]
[PlyCount "93"]
[EventDate "2013.08.17"]
[EventType "tourn"]
[EventRounds "9"]
[EventCountry "HUN"]
[EventCategory "9"]

1. e4 e5 2. Nf3 Nc6 3. Bb5 a6 4. Ba4 d6 5. O-O Bd7 6. d4 Nge7 7. dxe5 Nxe5 8.
Bb3 N7g6 9. Nxe5 Nxe5 10. f4 Nc6 11. Nc3 Be7 12. Nd5 Na5 13. Bd2 Nxb3 14. axb3
c6 15. Ba5 cxd5 16. Bxd8 Rxd8 17. exd5 O-O 18. Qd2 Bf6 19. c4 g6 20. Rfe1 Kg7
21. b4 h5 22. Qf2 Bf5 23. Rad1 Rc8 24. c5 Rfd8 25. Rc1 dxc5 26. Rxc5 Rb8 27.
Rd1 Rd6 28. h3 Rbd8 29. Qf3 h4 30. Rc7 Bxb2 31. Rxb7 Bf6 32. Rc7 Bd7 33. Kh2
Ba4 34. Rd2 Re8 35. Qf2 Re4 36. Qa7 Rxf4 37. Rxf7+ Kh6 38. Qe3 g5 39. Qd3 Bg7
40. Rxf4 gxf4 41. Qf5 Rf6 42. Qg4 Bf8 43. Qxh4+ Kg6 44. Qg4+ Kf7 45. Re2 Bd6
46. Re6 f3+ 47. g3 1-0

[Event "Sarkany-Aranytiz GM"]
[Site "Budapest"]
[Date "2013.08.22"]
[Round "6"]
[White "Gonda, Laszlo"]
[Black "Galyas, Miklos"]
[Result "1/2-1/2"]
[WhiteElo "2538"]
[BlackElo "2409"]
[PlyCount "51"]
[EventDate "2013.08.17"]
[EventType "tourn"]
[EventRounds "9"]
[EventCountry "HUN"]
[EventCategory "9"]

1. d4 Nf6 2. c4 g6 3. Nf3 Bg7 4. g3 d5 5. cxd5 Nxd5 6. Bg2 Nb6 7. Nc3 Nc6 8.
O-O Nxd4 9. Nxd4 Qxd4 10. Nb5 Qc4 11. a4 O-O 12. b3 Qg4 13. Ra2 c6 14. a5 Nd5
15. Bxd5 cxd5 16. Nc7 Rb8 17. Nxd5 Be6 18. Ra4 Qh5 19. Nf4 Qe5 20. Nxe6 Qxe6
21. Be3 Rfd8 22. Qb1 b6 23. axb6 axb6 24. Rd1 b5 25. Ra7 Bf6 26. Qc2 1/2-1/2

[Event "Sarkany-Aranytiz GM"]
[Site "Budapest"]
[Date "2013.08.23"]
[Round "7"]
[White "Galyas, Miklos"]
[Black "Hagen, Andreas Skytte"]
[Result "1-0"]
[WhiteElo "2409"]
[BlackElo "2415"]
[PlyCount "143"]
[EventDate "2013.08.17"]
[EventType "tourn"]
[EventRounds "9"]
[EventCountry "HUN"]
[EventCategory "9"]

1. Nf3 Nf6 2. c4 g6 3. Nc3 d5 4. d4 Bg7 5. e3 O-O 6. Be2 c5 7. dxc5 dxc4 8. O-O
Nbd7 9. Qd4 Qc7 10. Qxc4 Nxc5 11. Nb5 Qb6 12. b4 Ne6 13. Bb2 Bd7 14. Nbd4 a5
15. a3 Rfc8 16. Qb3 Ne4 17. Rfc1 N6c5 18. Qc4 Na4 19. Qd5 Nf6 20. Qb3 axb4 21.
Ne5 Be8 22. Nc4 Qd8 23. axb4 Nxb2 24. Rxa8 Rxa8 25. Qxb2 Nd5 26. Bf3 e5 27.
Bxd5 exd4 28. e4 Bc6 29. Bxc6 bxc6 30. e5 Rb8 31. Qa2 Qd5 32. Qa5 Bh6 33. Qc7
Re8 34. Nd6 Rxe5 35. Ra1 Bf8 36. Nxf7 Qa2 37. Rf1 Re7 38. Nh6+ Kg7 39. Qf4 Qd5
40. Ng4 Rf7 41. Qe5+ Qxe5 42. Nxe5 Rc7 43. Rc1 Bxb4 44. Rxc6 Ra7 45. g3 Be7 46.
Kf1 Ra5 47. Nd3 Ra7 48. Ke2 Bf6 49. h4 Kf7 50. Kf3 Rd7 51. Nc5 Ra7 52. Ke4 Re7+
53. Kd3 Re1 54. Rc7+ Kg8 55. Ne4 Bg7 56. Rc8+ Kf7 57. Ng5+ Kf6 58. Rc7 Re7 59.
Nxh7+ Ke6 60. Ng5+ Kd6 61. Rxe7 Kxe7 62. Nf3 Ke6 63. Nxd4+ Ke5 64. Ke3 Bh6+ 65.
f4+ Kf6 66. g4 Bf8 67. g5+ Kf7 68. Kf3 Bc5 69. Nc6 Bd6 70. Ne5+ Kg7 71. Kg4 Be7
72. h5 1-0

[Event "Sarkany-Aranytiz GM"]
[Site "Budapest"]
[Date "2013.08.23"]
[Round "7"]
[White "Jovanovic, D Dusan"]
[Black "Gonda, Laszlo"]
[Result "1-0"]
[WhiteElo "2402"]
[BlackElo "2538"]
[PlyCount "95"]
[EventDate "2013.08.17"]
[EventType "tourn"]
[EventRounds "9"]
[EventCountry "HUN"]
[EventCategory "9"]

1. Nf3 d5 2. b3 Nf6 3. Bb2 c6 4. g3 Bg4 5. Bg2 e6 6. O-O Nbd7 7. d3 a5 8. a3
Be7 9. Nbd2 O-O 10. c4 Re8 11. Qc2 Bd6 12. e4 dxe4 13. dxe4 e5 14. Rfe1 Qb6 15.
Bc3 Bc5 16. Nf1 Bd4 17. Nxd4 exd4 18. Bb2 Nc5 19. Bxd4 Qxb3 20. Ra2 Qxc2 21.
Rxc2 Nb3 22. Be3 Rad8 23. Nd2 a4 24. f3 Be6 25. Bf1 Nd7 26. Nxb3 axb3 27. Rc3
b5 28. cxb5 cxb5 29. Bxb5 Rb8 30. a4 Rec8 31. Bd4 Rxc3 32. Bxc3 f6 33. Rc1 Kf7
34. Kf2 Ne5 35. Bxe5 fxe5 36. Ke3 Rd8 37. f4 exf4+ 38. gxf4 g6 39. a5 Rb8 40.
Rc7+ Kf8 41. Bd3 b2 42. Bb1 Rb3+ 43. Kd4 Ra3 44. Rb7 Rxa5 45. Rxb2 Ke7 46. Rb7+
Bd7 47. Bd3 Ra4+ 48. Kc5 1-0

[Event "Sarkany-Aranytiz GM"]
[Site "Budapest"]
[Date "2013.08.23"]
[Round "7"]
[White "Medvegy, Zoltan"]
[Black "Mihok, Oliver"]
[Result "1/2-1/2"]
[WhiteElo "2560"]
[BlackElo "2451"]
[PlyCount "44"]
[EventDate "2013.08.17"]
[EventType "tourn"]
[EventRounds "9"]
[EventCountry "HUN"]
[EventCategory "9"]

1. Nf3 c5 2. b3 d6 3. d4 cxd4 4. Nxd4 Nf6 5. e3 g6 6. Bb2 Bg7 7. Be2 Nc6 8. c4
Nxd4 9. Qxd4 Bd7 10. O-O O-O 11. Rd1 Bc6 12. Qd2 d5 13. cxd5 Qxd5 14. Qxd5 Nxd5
15. Bxg7 Kxg7 16. Bf3 Rfd8 17. Bxd5 Rxd5 18. Rxd5 Bxd5 19. Nc3 Bc6 20. f3 Rd8
21. Rd1 Rxd1+ 22. Nxd1 Kf6 1/2-1/2

[Event "Sarkany-Aranytiz GM"]
[Site "Budapest"]
[Date "2013.08.23"]
[Round "7"]
[White "Hera, Imre Jr"]
[Black "Vertetics, Attila"]
[Result "1-0"]
[WhiteElo "2558"]
[BlackElo "2404"]
[PlyCount "85"]
[EventDate "2013.08.17"]
[EventType "tourn"]
[EventRounds "9"]
[EventCountry "HUN"]
[EventCategory "9"]

1. c4 c6 2. d4 d5 3. Nf3 Nf6 4. Nc3 a6 5. c5 Nbd7 6. Bf4 Nh5 7. Bg5 h6 8. Bd2
Nhf6 9. Bf4 Nh5 10. Bd2 Nhf6 11. Bf4 Nh5 12. Be5 Nhf6 13. e3 g6 14. Bd3 Bg7 15.
O-O Nxe5 16. Nxe5 Bf5 17. Bxf5 gxf5 18. Na4 Qc7 19. Nb6 Rd8 20. f3 Ng8 21. f4
Nf6 22. b4 Ne4 23. Nf3 e6 24. a4 O-O 25. Qd3 Nd6 26. Rfc1 Kh8 27. Rab1 Rb8 28.
Qc2 Nc8 29. Nxc8 Rfxc8 30. Ne1 b6 31. cxb6 Qxb6 32. Nd3 a5 33. b5 cxb5 34.
Qxc8+ Rxc8 35. Rxc8+ Kh7 36. axb5 a4 37. Ra8 Bxd4 38. exd4 Qxd4+ 39. Nf2 Qc4
40. g3 Qc2 41. Rb4 a3 42. b6 a2 43. Rxa2 1-0

[Event "Sarkany-Aranytiz GM"]
[Site "Budapest"]
[Date "2013.08.24"]
[Round "8"]
[White "Hagen, Andreas Skytte"]
[Black "Vertetics, Attila"]
[Result "0-1"]
[WhiteElo "2415"]
[BlackElo "2404"]
[PlyCount "98"]
[EventDate "2013.08.17"]
[EventType "tourn"]
[EventRounds "9"]
[EventCountry "HUN"]
[EventCategory "9"]

1. e4 c6 2. d4 d5 3. e5 Bf5 4. Nf3 e6 5. Be2 Nd7 6. O-O Ne7 7. Nbd2 h6 8. Nb3
Bh7 9. a4 a6 10. a5 Nc8 11. c4 dxc4 12. Bxc4 Na7 13. Be3 Nb5 14. Bd3 Bxd3 15.
Qxd3 Nc5 16. Nxc5 Bxc5 17. Qe4 Be7 18. Nd2 Qd5 19. Qxd5 cxd5 20. Rfc1 Kd7 21.
Kf1 Rac8 22. Ke2 h5 23. Kd3 Na7 24. Nb3 Nc6 25. Bd2 f6 26. exf6 gxf6 27. Bc3
Bd6 28. Re1 Rcg8 29. g3 h4 30. Re2 Rh5 31. Rg1 e5 32. dxe5 fxe5 33. Rd1 hxg3
34. hxg3 Rh2 35. Be1 Ke6 36. f3 Rh1 37. Kc2 Rf1 38. Nd2 Nd4+ 39. Kd3 Rxf3+ 40.
Nxf3 Nxf3 41. Rg2 e4+ 42. Kc2 d4 43. g4 Bf4 44. Kb3 Kd5 45. Bc3 Ke5 46. Bb4 e3
47. g5 Rg6 48. Bc5 Ke4 49. Kc4 d3 0-1

[Event "Sarkany-Aranytiz GM"]
[Site "Budapest"]
[Date "2013.08.24"]
[Round "8"]
[White "Arngrimsson, Dagur"]
[Black "Hera, Imre Jr"]
[Result "0-1"]
[WhiteElo "2385"]
[BlackElo "2558"]
[PlyCount "110"]
[EventDate "2013.08.17"]
[EventType "tourn"]
[EventRounds "9"]
[EventCountry "HUN"]
[EventCategory "9"]

1. d4 Nf6 2. c4 e6 3. g3 d5 4. Bg2 Bb4+ 5. Bd2 Be7 6. Nf3 O-O 7. O-O Nbd7 8.
Qc2 c6 9. Rd1 a5 10. Bf4 b5 11. Ne5 Bb7 12. cxb5 cxb5 13. Nc6 Qe8 14. Nxe7+
Qxe7 15. Qc7 Rfb8 16. Nd2 b4 17. Rdc1 Ba6 18. Nb3 Ne8 19. Qc2 Rc8 20. Qd1 Bc4
21. e4 Nb6 22. Nc5 dxe4 23. Bxe4 Bd5 24. Qd3 Nf6 25. Bg5 h6 26. Bxd5 Nbxd5 27.
Bxf6 Qxf6 28. Rc2 Rd8 29. Nb7 Rdb8 30. Nc5 Qe7 31. Qf3 Rd8 32. Rac1 Rac8 33. h4
Rc7 34. Qe2 Ra7 35. Qe5 Raa8 36. Kg2 Nf6 37. Ne4 Qb7 38. f3 Nd5 39. Nc5 Qb6 40.
Kh3 Ne7 41. Qe4 Nf5 42. Rd2 Rd5 43. g4 Nd6 44. Qf4 Rd8 45. Na4 Qb7 46. Rdc2 Qb5
47. b3 Qd3 48. Rd2 Qa6 49. Rc5 Qf1+ 50. Kh2 Nb5 51. Rxd5 Rxd5 52. Rc2 Nxd4 53.
Rc8+ Kh7 54. Qxf7 Nxf3+ 55. Kg3 Qg1+ 0-1

[Event "Sarkany-Aranytiz GM"]
[Site "Budapest"]
[Date "2013.08.24"]
[Round "8"]
[White "Gonda, Laszlo"]
[Black "Medvegy, Zoltan"]
[Result "1/2-1/2"]
[WhiteElo "2538"]
[BlackElo "2560"]
[PlyCount "31"]
[EventDate "2013.08.17"]
[EventType "tourn"]
[EventRounds "9"]
[EventCountry "HUN"]
[EventCategory "9"]

1. c4 e5 2. Nc3 Nf6 3. e3 Bb4 4. Nge2 O-O 5. a3 Bxc3 6. Nxc3 d5 7. cxd5 Nxd5 8.
Qc2 c6 9. Be2 Be6 10. O-O Nd7 11. b4 a5 12. b5 Nxc3 13. Qxc3 Rc8 14. Qb2 c5 15.
Qc3 Bd5 16. Bb2 1/2-1/2

[Event "Sarkany-Aranytiz GM"]
[Site "Budapest"]
[Date "2013.08.24"]
[Round "8"]
[White "Galyas, Miklos"]
[Black "Jovanovic, D Dusan"]
[Result "1/2-1/2"]
[WhiteElo "2409"]
[BlackElo "2402"]
[PlyCount "77"]
[EventDate "2013.08.17"]
[EventType "tourn"]
[EventRounds "9"]
[EventCountry "HUN"]
[EventCategory "9"]

1. d4 Nf6 2. Nf3 e6 3. e3 b6 4. Bd3 Bb7 5. O-O c5 6. c4 Be7 7. Nc3 O-O 8. d5
exd5 9. cxd5 d6 10. e4 Nbd7 11. h3 a6 12. a4 Re8 13. Bf4 Bf8 14. Re1 g6 15. Bh2
Nh5 16. Nd2 Qf6 17. Nc4 Bc8 18. Be2 Nf4 19. Bg4 Ne5 20. Nxe5 Qxe5 21. Bxc8
Raxc8 22. Qf3 Bh6 23. Ne2 Nxe2+ 24. Qxe2 Bf4 25. Bxf4 Qxf4 26. Qxa6 Rb8 27. Qd3
Qe5 28. Qc3 f5 29. exf5 Qxf5 30. Qb3 Rf8 31. Re2 Rbe8 32. Rae1 Qxf2+ 33. Rxf2
Rxe1+ 34. Kh2 Rxf2 35. Qxb6 Ree2 36. Qd8+ Kg7 37. Qd7+ Kg8 38. Qg4 Rxb2 39.
Qe6+ 1/2-1/2

[Event "Sarkany-Aranytiz GM"]
[Site "Budapest"]
[Date "2013.08.25"]
[Round "9"]
[White "Jovanovic, D Dusan"]
[Black "Hagen, Andreas Skytte"]
[Result "1/2-1/2"]
[WhiteElo "2402"]
[BlackElo "2415"]
[PlyCount "43"]
[EventDate "2013.08.17"]
[EventType "tourn"]
[EventRounds "9"]
[EventCountry "HUN"]
[EventCategory "9"]

1. Nf3 Nf6 2. c4 g6 3. Nc3 Bg7 4. e4 d6 5. d4 O-O 6. Be2 e5 7. O-O Nc6 8. d5
Ne7 9. b4 Ne8 10. c5 f5 11. Nd2 Nf6 12. a4 f4 13. a5 g5 14. h3 Ng6 15. Ba3 h5
16. Bxh5 Nxh5 17. Qxh5 Kf7 18. Nf3 Bf6 19. Qh7+ Bg7 20. Qh5 Bf6 21. Qh7+ Bg7
22. Qh5 1/2-1/2

[Event "Sarkany-Aranytiz GM"]
[Site "Budapest"]
[Date "2013.08.25"]
[Round "9"]
[White "Medvegy, Zoltan"]
[Black "Galyas, Miklos"]
[Result "0-1"]
[WhiteElo "2560"]
[BlackElo "2409"]
[PlyCount "62"]
[EventDate "2013.08.17"]
[EventType "tourn"]
[EventRounds "9"]
[EventCountry "HUN"]
[EventCategory "9"]

1. g3 g6 2. Bg2 Nf6 3. e4 d6 4. d4 Bg7 5. Ne2 O-O 6. O-O e5 7. h3 Nc6 8. d5 Ne7
9. c4 Nd7 10. Nbc3 f5 11. Be3 Nc5 12. f3 a5 13. Qd2 b6 14. Rab1 Bd7 15. Kh2 Kh8
16. b3 Ng8 17. exf5 gxf5 18. f4 Nf6 19. a3 Qe8 20. Bf3 Nce4 21. Qc2 Qg6 22.
fxe5 dxe5 23. Bxe4 fxe4 24. Ng1 Rg8 25. Qe2 Nh5 26. Bf2 Raf8 27. Rbe1 Bf5 28.
Nd1 Nf4 29. gxf4 exf4 30. Bh4 f3 31. Qf2 Be5+ 0-1

[Event "Sarkany-Aranytiz GM"]
[Site "Budapest"]
[Date "2013.08.25"]
[Round "9"]
[White "Hera, Imre Jr"]
[Black "Mihok, Oliver"]
[Result "1/2-1/2"]
[WhiteElo "2558"]
[BlackElo "2451"]
[PlyCount "25"]
[EventDate "2013.08.17"]
[EventType "tourn"]
[EventRounds "9"]
[EventCountry "HUN"]
[EventCategory "9"]

1. d4 d5 2. c4 c6 3. Nf3 Nf6 4. e3 Bg4 5. Qb3 Qb6 6. Nc3 e6 7. Nh4 Nbd7 8. h3
Bh5 9. g4 Bg6 10. Nxg6 hxg6 11. Bg2 Be7 12. Bd2 g5 13. O-O-O 1/2-1/2

[Event "Sarkany-Aranytiz GM"]
[Site "Budapest"]
[Date "2013.08.25"]
[Round "9"]
[White "Vertetics, Attila"]
[Black "Arngrimsson, Dagur"]
[Result "1/2-1/2"]
[WhiteElo "2404"]
[BlackElo "2385"]
[PlyCount "60"]
[EventDate "2013.08.17"]
[EventType "tourn"]
[EventRounds "9"]
[EventCountry "HUN"]
[EventCategory "9"]

1. d4 d5 2. c4 c6 3. Nf3 Nf6 4. Qb3 dxc4 5. Qxc4 Bf5 6. g3 e6 7. Bg2 Nbd7 8.
O-O Be7 9. Nc3 O-O 10. Re1 Ne4 11. Qb3 Qb6 12. Nh4 Qxb3 13. axb3 Bb4 14. Nxf5
exf5 15. Bxe4 fxe4 16. Bd2 Rfe8 17. Nxe4 Rxe4 18. Bxb4 Rxd4 19. Bc3 Rd6 20.
Red1 Rxd1+ 21. Rxd1 Nc5 22. b4 Na4 23. Bd4 Rd8 24. e3 Nxb2 25. Ra1 Nc4 26. Rxa7
Rb8 27. Kf1 f6 28. Ke2 Nd6 29. Ra1 Nb5 30. Bb6 Kf7 1/2-1/2